Cost accounting (Record no. 3286)

MARC details
000 -LEADER
fixed length control field 00729 a2200217 4500
003 - CONTROL NUMBER IDENTIFIER
control field dpl
005 - DATE AND TIME OF LATEST TRANSACTION
control field 20190128161649.0
008 - FIXED-LENGTH DATA ELEMENTS--GENERAL INFORMATION
fixed length control field 190128b ||||| |||| 00| 0 eng d
010 ## - LIBRARY OF CONGRESS CONTROL NUMBER
LC control number ENG-85660
020 ## - INTERNATIONAL STANDARD BOOK NUMBER
Terms of availability 130.00
035 ## - SYSTEM CONTROL NUMBER
System control number EN-69193, B-006736
037 ## - SOURCE OF ACQUISITION
Source of stock number/acquisition D.B.Act / Pub
040 ## - CATALOGING SOURCE
Transcribing agency 0
082 14 - DEWEY DECIMAL CLASSIFICATION NUMBER
Classification number 657.42
100 1# - MAIN ENTRY--PERSONAL NAME
Personal name Bhatta, H. S. Mahableshwara
245 1# - TITLE STATEMENT
Title Cost accounting
Remainder of title for forth semester, BBM Banglore Universty
Statement of responsibility, etc by H. S. Mahableshwaara Bhatta
260 ## - PUBLICATION, DISTRIBUTION, ETC. (IMPRINT)
Place of publication, distribution, etc Mumbai
Name of publisher, distributor, etc Himalaya Publishing House
Date of publication, distribution, etc 2006
270 ## - ADDRESS
Address "Ramdoot", Dr. Bhalerao Marg, Girgaon
City Mumbai
Postal code 400 004
Telephone number 022-23860170, 022-23863863
Fax number 022-23877178
Electronic mail address himpub@vsnl.net.in
300 ## - PHYSICAL DESCRIPTION
Extent 330 p.
Dimensions 24 cm ( Pbk.)
942 ## - ADDED ENTRY ELEMENTS (KOHA)
Institution code [OBSOLETE] dpl
Koha item type English Books
Call number prefix 657.42 / BHA
Source of classification or shelving scheme Dewey Decimal Classification
Holdings
Withdrawn status Lost status Source of classification or shelving scheme Damaged status Not for loan Collection code Home library Current library Source of acquisition Cost, normal purchase price Total Checkouts Full call number Barcode Date last seen Copy number Uniform Resource Identifier Cost, replacement price Price effective from Koha item type Date acquired
    Dewey Decimal Classification   Not For Loan Non-fiction D.B.Act.Division D.B.Act.Division DBAD/PUB 130.00   657.42 BHA EN-69193 15/09/2008 1 3500 130.00 15/09/2008 English Books  
    Dewey Decimal Classification     Non-fiction Vigyan Vihar Vigyan Vihar BPPD/PUB 175.00     B-006736 28/01/2019     175.00 28/01/2019 English Books 28/01/2019

© Delhi Public Library
Hit Counter
free hit counter